Χρηματοδότηση και ασφάλιση εξαγωγικών πιστώσεων: : η διεθνής εμπειρία και η περίπτωση της Ελλάδος

Αποθηκεύτηκε σε:
Λεπτομέρειες βιβλιογραφικής εγγραφής
Κύριος συγγραφέας: Ευστρατόγλου, Κλέαρχος Β.
Συγγραφή απο Οργανισμό/Αρχή: Κέντρο Προγραμματισμού και Οικονομικών Ερευνών
Μορφή: Βιβλίο
Γλώσσα:Greek
Δημοσίευση: Αθήνα : ΚΕΠΕ, c2007
Σειρά:Εκθέσεις (Κέντρο Προγραμματισμού και Οικονομικών Ερευνών) ; 52
Θέματα:
Ετικέτες: Προσθήκη ετικέτας
Δεν υπάρχουν, Καταχωρήστε ετικέτα πρώτοι!

MARC

LEADER 00000cam a2200000 i 4500
001 1/85562
008 080519s2007 gre d
020 |a 978-960-341-074-4 
022 |a 11085797 
035 |l 10097450 
040 |a GR-MY-UA  |b gre  |e aacr 
041 0 |a gre 
082 0 |a 368.87  |2 (22) 
100 1 |a Ευστρατόγλου, Κλέαρχος Β. 
110 2 |a Κέντρο Προγραμματισμού και Οικονομικών Ερευνών. 
245 1 0 |a Χρηματοδότηση και ασφάλιση εξαγωγικών πιστώσεων: :  |b η διεθνής εμπειρία και η περίπτωση της Ελλάδος /  |c Κλέαρχου Β. Ευστρατόγλου ; Κέντρο Προγραμματισμού και Οικονομικών Ερευνών 
260 |a Αθήνα :   |b ΚΕΠΕ,   |c c2007 
300 |a 259 σ.;  |b πίν.;  |c 24 εκ. 
490 1 |a Εκθέσεις (Κέντρο Προγραμματισμού και Οικονομικών Ερευνών)  |v ; 52 
504 |a Περιλαμβάνει βιβλιογραφικές παραπομπές 
650 0 0 |a Insurance, Export credit. 
650 0 0 |a Insurance, Credit. 
830 0 |a Εκθέσεις (Κέντρο Προγραμματισμού και Οικονομικών Ερευνών)  |v ; 52 
852 |a INST  |b CHIOS  |e 20080519  |h 368.87 ΕΥΣ  |p 005200027441  |q 005200027441  |t BK  |y 0 
852 |a INST  |b LESVOS  |e 20090428  |h 368.87 ΕΥΣ  |p 005100044909  |q 005100044909  |t BK  |y 0 
901 |a BIBL2-2008-2 
901 |a BIBL1-2009-1 
909 |a Χ  |b 146411 
909 |a Λ  |b 157765 
970 |a ΒΑΣΙΛΑΚΗ  |b ΝΙΚΗ  |z 2008/05/19